Языки, которые можно изучить в Duolingo (2025) - Statistics

General Stats
  • This quiz has been taken 81 times
    79 since last reset
  • The average score is 22 of 43
Answer Stats
Язык % Correct
Английский
100%
Немецкий
93%
Японский
93%
Испанский
91%
Русский
91%
Французский
86%
Украинский
84%
Итальянский
83%
Корейский
83%
Португальский
83%
Арабский
74%
Польский
72%
Норвежский
71%
Хинди
71%
Шведский
71%
Турецкий
64%
Греческий
62%
Иврит
62%
Финский
62%
Румынский
60%
Ирландский
59%
Чешский
59%
Венгерский
55%
Датский
55%
Нидерландский
50%
Вьетнамский
45%
Китайский (мандаринский)
34%
Латинский
31%
Суахили
31%
Эсперанто
31%
Шотландский гэльский
28%
Индонезийский
26%
Идиш
21%
Валлийский
19%
Гавайский
19%
Зулусский
19%
Каталанский
16%
Навахо
14%
Высший валирийский
12%
Китайский (кантонский)
12%
Клингонский
10%
Гаитянский креольский
9%
Коса
7%
No matching quizzes found
Score Distribution
Percent of People with Each Score
Percentile by Number Answered
Your Score History
You have not taken this quiz since the last reset